000 00978nac a22002897a 4500
001 BR7903946
003 BR-BrBNA
005 20240105114441.0
008 230509b bl.|||m| |||| 00| 0 por d
040 _aBR-BrBNA
_bpor
_cBiblioteca Nacional de Agricultura
072 _aH60
090 _a1000 BR7903946
100 1 _aCunha, H.M.P. da
110 1 _aEmpresa de Pesquisa Agropecuaria da Bahia, Salvador (Brasil)
_94095
245 1 _aO controle do "danda" ou "tiririca" (Cyperus rotundus L.)em pomar citrico [controle quimico, herbicida, fruta citrica]
260 3 _aSalvador, BA (Brasil):
_c1979.
300 _a12 p.
490 _aComunicado Tecnico - Empresa de Pesquisa Agropecuaria da Bahia (Brazil)
_vno. 14
_xISSN 0100-4816
500 _a12 ref.
650 _aERVA DANINHA
650 _aTIRIRICA
650 _aFRUTA CITRICA
650 _aCONTROLE QUIMICO
650 _aHERBICIDA
909 _a202312
_bLúcia Elande
_c55
_dLúcia Elande
942 _2AGRIS
_n0
_cMS
999 _c269421
_d269421